000 00731cam a2200229Ka 4500
001 zsdlsd b855916
003 OCoLC
005 20250313141106.0
008 920714s1991 sp a 000 1 spa d
020 _a8434829673 :
_c$5.20
040 _aSJP
_cSJP
_dI5B
_dJTB
092 0 _aSPA FIC/VILLANES
100 1 _aVillanes Cairo, Carlos,
_d1943-
245 1 4 _aLas ballenas cautivas /
_cCarlos Villanes Cairo ; [ilustraciones: Esperanza Le©đn].
260 _aMadrid :
_bEdiciones SM,
_c1991.
300 _a109 p. :
_bill. ;
_c19 cm.
490 1 _aEl barco de vapor. Serie naranja ;
_v71.
500 _a"A partir de 9 a©łos"--back cover.
521 1 _a008-Adult.
830 0 _aBarco de vapor.
_pSerie naranja ;
_v71.
942 _cBK
999 _c30909
_d30907